First results form an experiment on on-farm planting material production in Cameroon (Record no. 59443)

MARC details
000 -LEADER
fixed length control field 00582nam a2200169Ia 4500
100 ## - MAIN ENTRY--AUTHOR NAME
Personal name Chambon Beneedicte
245 #0 - TITLE STATEMENT
Title First results form an experiment on on-farm planting material production in Cameroon
260 ## - PUBLICATION, DISTRIBUTION, ETC. (IMPRINT)
Name of publisher Preprints of Papers. International Natural Rubber Conference 13-14 November 2006, Vietnam, pp.275.
650 ## - SUBJECT ADDED ENTRY--TOPICAL TERM
Topical Term Cameroon
650 ## - SUBJECT ADDED ENTRY--TOPICAL TERM
Topical Term On-farm planting material
700 ## - ADDED ENTRY--PERSONAL NAME
Personal name Eschbach Jean-Marie
700 ## - ADDED ENTRY--PERSONAL NAME
Personal name Gobina Simon
700 ## - ADDED ENTRY--PERSONAL NAME
Personal name Monono Samuel
700 ## - ADDED ENTRY--PERSONAL NAME
Personal name Ndongo Pierre-Andre Owona
942 ## - ADDED ENTRY ELEMENTS (KOHA)
Koha item type Journals
Holdings
Withdrawn status Lost status Damaged status Not for loan Home library Current library Shelving location Date acquired Koha item type
      Journals RRII Library RRII Library Botany 01/01/2021 Journals